00693nam a2200265Ia 4500008004100000020001800041050001900059050001400078100001900092245002400111245004500135245001800180260001300198260002800211260000900239300001600248300002000264300001100284440002200295650001700317650002100334650002500355650002300380650002400403180523s9999 xx 000 0 und d a1-85835-825-6 aMAIN HF 5382.7 b.S88 2000 aSutton, Brian. 0aCareer networking : 0b networking for career and job success / 0cBrian Sutton. aLondon : bThe Industrial Society, c2000 a112 pages : billustrations ; c22 cm. aThe insider guide aJob hunting. aSocial networks. aSuccess in business. xBusiness networks. xCareer development.